| 000 | 00604cam a22002291 4500 | ||
|---|---|---|---|
| 001 | sa 67007704 | ||
| 003 | DLC | ||
| 005 | 20260227112417.0 | ||
| 008 | 891207s1963 ii 010 0 urdr | ||
| 010 | _asa 67007704 | ||
| 025 | _aPL480:I-U-684 | ||
| 035 | _a(OCoLC)20743582 | ||
| 040 |
_aDLC _cWaU _dDLC |
||
| 042 | _apremarc | ||
| 050 | 0 | 0 |
_aBJ1291 _b.R37 |
| 100 | 0 | _aRaz̤ī Badāyūnī. | |
| 245 | 1 | 0 |
_aIslāmī masāʼil. _c[martaba] Raz̤ī Badāyūnī. |
| 260 |
_a[Delhi, _c1963] |
||
| 300 |
_a144 p. (p. 141-144 advertisements) _c16 cm. |
||
| 500 | _aIn Urdu. | ||
| 650 | 0 | _aIslamic ethics. | |
| 999 |
_c76738 _d76738 |
||